College Algebra
Na minha lista:
| Autor principal: | |
|---|---|
| Outros Autores: | |
| Formato: | Livro |
| Idioma: | inglês |
| Publicado em: |
New York
MacGraw-Hill
1989
|
| Edição: | 4. ed. |
| Assuntos: | |
| Tags: |
Sem tags, seja o primeiro a adicionar uma tag!
|
MARC
| LEADER | 00000nam a2200000 4500 | ||
|---|---|---|---|
| 001 | c010004 | ||
| 005 | 20221215113441.2 | ||
| 020 | |a 0-07-003930-5 | ||
| 041 | 0 | |a eng | |
| 044 | |a US | ||
| 245 | 1 | 0 | |a College Algebra |c Raymond A. Barnett, Michael R. Ziegler |
| 250 | |a 4. ed. | ||
| 264 | 1 | |a New York |b MacGraw-Hill |c 1989 | |
| 300 | |a 517 s. | ||
| 610 | 2 | 0 | |a matematika |
| 610 | 2 | 0 | |a pravdepodobnosť |
| 610 | 2 | 0 | |a financie |
| 610 | 2 | 0 | |a metódy matematické |
| 100 | 1 | |a Barnett, Raymond A. | |
| 700 | 1 | |a Ziegler, Michael R. | |